| 000 | 01155cam a22002891 4500 | ||
|---|---|---|---|
| 001 | hew66000070 | ||
| 003 | DLC | ||
| 005 | 20260227111515.0 | ||
| 008 | 720329s1966 dcu f100 0 eng c | ||
| 010 | _ahew66000070 | ||
| 035 | _a(OCoLC)272738 | ||
| 040 |
_aU.S. Dept. of Health, Education, and Welfare. Library _cODaWU _dOCoLC _dISS _dDLC |
||
| 042 | _apremarc | ||
| 050 | 0 | 0 |
_aLB1051 _b.W76 1963 |
| 082 | _a153.15 | ||
| 086 | 0 | _aFS 5.212:12019 | |
| 111 | 2 |
_aWorking Conference on Research on Children's Learning _d(1963 : _cCambridge, Mass.) |
|
| 245 | 1 | 0 |
_aLearning about learning: _ba conference report. _cEdited by Jerome Bruner. |
| 260 |
_a[Washington] _bU.S. Dept. of Health, Education, and Welfare, Office of Education; _b[for sale by the Superintendent of Documents, U.S. Govt. Print. Off., _c1966] |
||
| 300 |
_aviii, 276 p. _c24 cm. |
||
| 410 | 1 | 0 |
_aUnited States. _bOffice of Education. _tCooperative research monograph, _vno. 15 |
| 500 | _a"OE-12019." | ||
| 650 | 0 |
_aLearning, Psychology of _vCongresses. |
|
| 650 | 0 | _aEducation. | |
| 700 | 1 |
_aBruner, Jerome S. _q(Jerome Seymour), _eed. |
|
| 710 | 1 |
_aUnited States. _bOffice of Education. |
|
| 999 |
_c34614 _d34614 |
||